000 00736nam a22002177a 4500
008 180810b xxu||||| |||| 00| 0 eng d
020 _a9780132318006
050 _aPE1127.E37
_bH54 2012
245 _aHigher learning :
_breading and writing about college.
_cPatti see and Bruce Taylor.
250 _aThird edition.
260 _aBoston:
_bPearson,
_cc2012.
300 _axxi,278p.
_c23cm
650 _aReaders
_xEducation(higher)
650 _aUniversities and colleges
_vProblems, exercises, etc
650 _aEducation, Higher
_vProblems, exercises, etc.
650 _a Readers
_xUniversities and college
650 _aEnglish language
_xRhetori
650 _aAcademic writing
650 _aCollege readers
942 _2lcc
_cBK
999 _c53386
_d53386